000 00304 a2200157 4500
001 164717
020 _a
040 _cMagnum
100 _aJunqueira, Sonia
240 1 0 _aA onca e anta
_lpor
245 1 0 _aA onca e anta
362 0 _a1899
440 1 _aÁtica
697 _aI/ANIMAIS
942 _cBK
999 _c164717
_d164717